000 nam a22 7a 4500
999 _c47441
_d47441
003 OSt
005 20190511141424.0
008 190511b xxu||||| |||| 00| 0 eng d
040 _cIIMT COLLEGE OF ENGINEERING,GREATER NOIDA
100 _aHAZZAM
245 _aAGILE SOFTWARE ENGINEERING
260 _aNEW DELHI
_bSPRINGER
_c2008
300 _a303
942 _2ddc
_c02